000 01281nam0a2200325 4500
001 RU\NLR\bibl\62738
005 20250616092133.0
010 _a5-89959-069-6
_95000
021 _aRU
_b99-30427
_91483
035 _a(NLR Aleph) 000061215
090 _a333516
_c333516
100 _a19991209d1999 |||y0rusy50 ca
101 0 _arus
102 _aRU
105 _aa |||||||||
200 1 _aAutoCAD 2000 для всех
_fД. Красковский, А. Виноградов
210 _aМ.
_cКомпьютерПресс
_d1999
215 _a254, [1] с.
_cил.
_d21
300 _aНа 4-й с. обл. 1-й авт.: Д. Красковский - к.т.н., чл.-корр. Междунар. акад. энергоинформ. наук
606 0 _aAutoCAD 2000, система автоматизированного проектирования
_92140070
_3RU\NLR\auth\661289981
686 _aЖ2-5-05
700 1 _aКрасковский
_bД. Г.
_gДмитрий Геннадьевич
_4070
701 1 _aВиноградов
_bА. В.
_gАндрей Вячеславович
_4070
801 0 _aRU
_bNLR
_c19991209
_gPSBO
801 1 _aRU
_bNLR
_c19991209
830 _aАвт. по кн.
852 _aNLR
_j99-3/15784
942 _cBOOK
980 _aNB